000
002970000a22000970004500
100
1
_a
Horbury, William
245
1
0
_a
A personal name in a Jar-inscription in hebrew characters from Alexandria?
300
_a
Vol. 44, Num. 1 (Enero, 1994), Páginas 103-107
773
0
_t
Vetus Testamentum
942
_c
ANA
999
_c
57891
_d
57891